| 000 | 00579nam a2200205 4500 | ||
|---|---|---|---|
| 003 | OSt | ||
| 005 | 20240610072404.0 | ||
| 006 | a | ||
| 008 | 240610b |||||||| |||| 00| 0 eng d | ||
| 020 | _a9716856941 | ||
| 040 |
_aDWCL-Main lib. _cOC |
||
| 082 | _aFil. 371.33 C822e 2008 | ||
| 100 | _aCorpuz , Brenda B. | ||
| 245 | _aEducational technology 1 / | ||
| 260 |
_aQuezon City : _bLorimar Pub. Inc., _cc2008. |
||
| 300 |
_axii, _b202 p. : ill. ; _c26 cm. |
||
| 504 | _aIncludes bibliographical references. | ||
| 700 | _aBrenda B. Corpuz | ||
| 942 |
_2ddc _n0 _cBK - FIL _kFil. |
||
| 999 |
_c476 _d476 |
||